The Mysore public works account code. (Record no. 74851)

MARC details
000 -LEADER
fixed length control field 00779cam a22002291 4500
001 - CONTROL NUMBER
control field sa 67004944
003 - CONTROL NUMBER IDENTIFIER
control field DLC
005 - DATE AND TIME OF LATEST TRANSACTION
control field 20260227112352.0
008 - FIXED-LENGTH DATA ELEMENTS--GENERAL INFORMATION
fixed length control field 910130m19611962ii 000 0 eng
010 ## - LIBRARY OF CONGRESS CONTROL NUMBER
LC control number sa 67004944
035 ## - SYSTEM CONTROL NUMBER
System control number (OCoLC)24194608
040 ## - CATALOGING SOURCE
Original cataloging agency DLC
Transcribing agency ViU
Modifying agency OCoLC
-- DLC
042 ## - AUTHENTICATION CODE
Authentication code premarc
050 00 - LIBRARY OF CONGRESS CALL NUMBER
Classification number LAW <India Mysore 8 Finance Dept>
110 1# - MAIN ENTRY--CORPORATE NAME
Corporate name or jurisdiction name as entry element Mysore (India).
Subordinate unit Finance Department.
245 14 - TITLE STATEMENT
Title The Mysore public works account code.
250 ## - EDITION STATEMENT
Edition statement 1st ed.
260 ## - PUBLICATION, DISTRIBUTION, ETC.
Place of publication, distribution, etc. Bangalore :
Name of publisher, distributor, etc. Director of Print., Stationery and Publications at the Govt. Press,
Date of publication, distribution, etc. 1961-62.
300 ## - PHYSICAL DESCRIPTION
Extent 2 v. :
Other physical details ill. ;
Dimensions 27 cm.
505 0# - FORMATTED CONTENTS NOTE
Formatted contents note v. 1. Orders issued up to the 31st December 1960.--v. 2. Appendices and forms.
650 #0 - SUBJECT ADDED ENTRY--TOPICAL TERM
Topical term or geographic name entry element Public works
Geographic subdivision India
-- Mysore
General subdivision Accounting.

No items available.

Powered by Koha